000
00307nam a22001337a 4500
008
170614b xxu||||| |||| 00| 0 eng d
020
_a
0815730535
041
_a
eng
080
_a
94
100
_a
17
101
_a
SHH
245
_a
REFLECTIONS ON THE CUBAN MISSILE CRISIS
_c
GARTHOFF,R.L
942
_2
udc
_c
BK
999
_c
17378
_d
17378